000 00561nam a2200205Ia 4500
003 GCL
008 140319s9999 xx 000 0 ara d
040 _aGCL /
_cGCL
082 0 4 _a028.7
_bم س
100 1 _aمدحت شلبى
245 1 0 _aسباق النجوم /
_cمدحت شلبى
700 1 _aهشام زكى
260 _a[S.N] :
_bمركز الكتاب للنشر ،
_c1993
300 _a126 ص
490 _a
650 0 4 _aالتثقيف الذاتى
650 0 4 _aالثقافة الذاتية
650 0 4 _aالمعرفة
942 _2ddc
_cBK
999 _c31160
_d31160